[Event "Verona-chT Serie C/8 51st"]
[Site "Verona"]
[Date "2019.03.16"]
[Round "2.3"]
[White "Pichler, Norbert"]
[Black "Liguori, Michele"]
[Result "1-0"]
[WhiteElo "2008"]
[BlackElo "1923"]
[PlyCount "85"]
[EventDate "2019.03.15"]
[EventType "team-tourn"]
[EventRounds "5"]
[EventCountry "ITA"]
[SourceTitle "EXT 2022"]
[Source "ChessBase"]
[SourceDate "2021.10.06"]
[SourceVersion "1"]
[SourceVersionDate "2021.10.06"]
[SourceQuality "1"]
[WhiteTeam "Bolzano Naturno"]
[BlackTeam "Gardolo Trento Nettuno"]
[WhiteTeamCountry "ITA"]
[BlackTeamCountry "ITA"]

1. d4 e6 2. Nf3 f5 3. Bf4 Nf6 4. Nbd2 g6 5. h3 Bg7 6. c3 d6 7. Qb3 0-0 8. e3 Qe7 9. Be2 Kh8 10. 0-0-0 Nc6 11. Bg5 h6 12. Bxf6 Qxf6 13. g4 a5 14. a4 Rb8 15. Qc4 d5 16. Qd3 e5 17. g5 hxg5 18. dxe5 Nxe5 19. Nxe5 Qxe5 20. Nf3 Qe4 21. Qxd5 Be6 22. Qxe4 fxe4 23. Nxg5 Bb3 24. Rd2 Rbe8 25. Bd1 Bc4 26. h4 Rf5 27. Bc2 Bd3 28. Bb3 Bh6 29. f4 Bxg5 30. hxg5+ Kg7 31. Rdh2 Kf8 32. Rh8+ Ke7 33. R1h7+ Kd8 34. Rxe8+ Kxe8 35. Rxc7 b5 36. Rg7 Rf8 37. Rxg6 Rh8 38. Rg8+ Rxg8 39. Bxg8 bxa4 40. Kd2 Ke7 41. c4 Kd6 42. Kc3 Kc5 43. Bd5 1-0

[Event "Padova op-B 15th"]
[Site "Padova"]
[Date "2012.12.22"]
[Round "4"]
[White "Liguori, Michele"]
[Black "Rodella, Umberto"]
[Result "1/2-1/2"]
[WhiteElo "1733"]
[BlackElo "1738"]
[PlyCount "132"]
[EventDate "2012.12.15"]
[EventType "swiss"]
[EventRounds "6"]
[EventCountry "ITA"]
[SourceTitle "EXT 2015"]
[Source "ChessBase"]
[SourceDate "2014.11.20"]
[SourceVersion "1"]
[SourceVersionDate "2014.11.20"]
[SourceQuality "1"]

1. e4 c5 2. c3 d5 3. exd5 Qxd5 4. d4 e6 5. Nf3 Nc6 6. Be3 cxd4 7. cxd4 Nf6 8. a3 Be7 9. Nc3 Qd7 10. Ne5 Nxe5 11. dxe5 Qxd1+ 12. Rxd1 Ng4 13. Bb5+ Kf8 14. Bf4 a6 15. Be2 Nh6 16. Bf3 g5 17. Be3 Nf5 18. Bb6 Kg7 19. 0-0 a5 20. Rd2 Ra6 21. Na4 Nh4 22. Be2 Ra8 23. Bc7 b5 24. Bxb5 Bb7 25. f3 Bd5 26. Nc3 Bc5+ 27. Kh1 Bb7 28. Ne4 Be3 29. Rd3 Bf4 30. Nf6 h5 31. Kg1 Ng6 32. Re1 Rac8 33. Bd6 h4 34. Ng4 Rc2 35. b4 axb4 36. Bxb4 Rhc8 37. Ne3 Rc1 38. Ng4 Rxe1+ 39. Bxe1 Nxe5 40. Bc3 Rc5 41. a4 Kg6 42. Nxe5+ Bxe5 43. Bxe5 Rxe5 44. Ra3 Rc5 45. Bd3+ f5 46. Kf2 Ra5 47. Bb5 Bd5 48. g3 Kh5 49. Be8+ Kh6 50. gxh4 gxh4 51. Bb5 Kg5 52. Ke3 e5 53. Rc3 e4 54. fxe4 Bxe4 55. Kd4 Ra7 56. Ke3 Kg4 57. Kf2 Ra8 58. Be2+ Kf4 59. Ra3 Bc6 60. a5 Kg5 61. Bf3 Bxf3 62. Kxf3 Ra6 63. h3 Kg6 64. Kf4 Kf6 65. Ra1 Kg6 66. Ra4 Kf6 1/2-1/2